00198 a2200085 4500001000700000040003500007100002500042240002500067245002000092147090 cEscola São Tomás de Aquino aDAVENIER, Christiane10aLeo e Albertinalpor10aLeo e Albertina